|
|
แสดงรายละเอียดบรรณานุกรม |
|
|
Brief Record
: Get Marc (ISO 2709)
: E-mail record
: |
| LEADER 00000nama 2200000uu 4500 | |||
| 008 040531s2539 th m m a000 0 tha d | |||
| 020 974-645-945-7 | |||
| 041 tha tha | |||
| 050 HA29 ส747อส 2547 นว อ149จ | |||
| 100 มหาวิทยาลัยสุโขทัยธรรมาธิราช สาขาวิชาวิทยาศาสตร์สุขภาพ อธีนา | |||
| 245 เอกสารการสอนชุดวิชา สถิติและการวิจัยสำหรับวิทยาศาสตร์สุขภาพ 001 เจ้านายสุดที่รัก 003 | |||
| 250 2 | |||
| 260 นนทบุรี มสธ. 2547 กรุงเทพฯ หมึกจีน 2539 | |||
| 300 2 เล่ม 252 หน้า | |||
| 650 วิทยาศาสตร์สุขภาพ - วิจัย นวนิยาย | |||
| 998 2005-07-14 2005-08-01 | |||
| คุณยังไม่ได้ล็อกอิน คุณสามารถมีกิจกรรมร่วมกับเว็บไซต์ได้ แต่ต้องล็อกอินก่อน :: |
|
| สถานะ | |||||||||
| 1. | หนังสือทั่วไป | HA29 ส747อส 2547 นว อ149จ 2539 | On Shelf ขอยืม | ||||||
| [แสดง 1/1 รายการ] | |||||||||
BibComment |
| คอมเมนท์ทรัพยากรรายการนี้ |
|
|